000 00443nam a2200157 a 4500
001 61030
005 20180714062517.0
008 140415s1980 000 0 spa d
041 _aspa
082 _a623.954
_bMAR
100 1 _aMARSICO, OSVALDO J. V.
245 1 0 _aHERBICIDAS Y FUNDAMENTOS DEL CONTROL DE MALEZAS
260 _a[s.l.] :
_bHEMISFERIO SUR,
_c1980
300 _a298
650 1 4 _aCONTROL DE MALEZAS
_xHERBICIDAS
999 _c61030
_d61030